| 000 | 00782nam a22002177a 4500 | ||
|---|---|---|---|
| 005 | 20120110150631.0 | ||
| 010 | _aB-444591 | ||
| 020 |
_a9781406334128 _c285.00 |
||
| 035 | _aB-444591 | ||
| 037 |
_bBlue Berry/Ven _aDPL |
||
| 082 | _aS | ||
| 100 |
_aHororwitz, Anthony _938827 |
||
| 245 |
_aSkeleton Key / _bby Anthony Horowitz |
||
| 260 |
_bWalker India _aLondon _c2010 |
||
| 270 |
_bLondon _a87 Vauxhall, London SE11 5HJ |
||
| 300 |
_a339p. _c19cm(pbk) |
||
| 490 |
_aThe Alex Rider _938828 |
||
| 942 |
_2ddc _cEN _mHOR _hS |
||
| 999 |
_c60633 _d60633 |
||